000 00805nam a2200193 i 4500
001 164739
003 ES-MaACL
005 20250809040022.0
008 950206s1883 sp |||| | spa d
100 1 _aSantamaría de Paredes, Vicente,
_d1853-1924
_9103306
245 1 0 _aCurso de derecho político
_b: según la filosofía política moderna, la historia general de España y la legislación vigente /
_cpor Vicente Santamaría de Paredes ; con un prólogo de Eduardo Pérez Pujol.
250 _a2ª ed.
260 _aMadrid :
_b[s.n.],
_c1883 (
_fEstabl. Tipográfico de Ricardo Fe)
300 _aXVI, 763 p. ;
_c23 cm.
650 0 4 _aDerecho político-
_zEspaña
_911758
700 1 _aPérez Pujol, Eduardo.
_991101
852 _aES-MaACL
_jF-14187
_z- Enc. pasta
999 _c164739
_d164739